| 000 | 02101cab a22003375a 4500 | ||
|---|---|---|---|
| 001 | L146612 | ||
| 008 | 090209s2009 xxk f g 000 0 eng d | ||
| 035 | _a(Sirsi) u146612 | ||
| 041 | 0 | _aeng | |
| 100 | 1 | _aAves, Michael | |
| 245 | 0 | 4 |
_aThe green belt _baspects of development control |
| 260 | _c2009 | ||
| 490 |
_aJournal of Planning and Environment Law _v(2), 146-160(15) |
||
| 520 | _aArticle discusses planning control in green belt areas and looks at planning policy guidance, the recent legislative history and planning decisions in very special circumstances. Explores and provides examples of the five sequential questions to be asked when determining whether or not a planning application should be granted. The author explores some reasons that may or may not constitute special circumstances and provides further examples of cases where they have been employed. Closes by saying that any possible list of 'special circumstances' is by nature endless and that judges have a duty to judge cases qualitatively and to apply value judgements. | ||
| 590 | _aKA | ||
| 650 | 2 | 4 | _aDONCASTER MBC V SOS ENVIRONMENT TRANSPORT AND THE REGIONS |
| 650 | 2 | 4 | _aKENMAL MANOR MEMORIAL GARDENS LTD V FIRST SECRETARY OF STATE & ANOR |
| 650 | 2 | 4 | _aPLANNING POLICY STATEMENT 7 (SUSTAINABLE DEVELOPMENT IN RURAL AREAS) |
| 650 | 2 | 4 | _aR (ON THE APPLICATION OF BASILDON DC) V FIRST SECRETARY OF STATE & TEMPLE |
| 650 | 2 | 4 | _aR (ON THE APPLICATION OF CHELMSFORD BC) V FIRST SECRETARY OF STATE |
| 650 | 2 | 4 | _aR (ON THE APPLICATION OF HEATH AND HAMPSTEAD SOCIETY) V VLACHOS & ANOR |
| 650 | 2 | 4 | _aR (ON THE APPLICATION OF SAMUEL SMITH OLD BREWERY (TADCASTER)) V SELBY DC) |
| 650 | 2 | 4 | _aTESCO STORES LTD V SOS ENVIRONMENT & ANOR |
| 650 | 2 | 4 | _aWYCHAVON DISTRICT COUNCIL V SOS COMMUNITIES AND LOCAL GOVERNMENT & ORS |
| 650 | 2 | 4 | _aBASILDON DC V SOS ENVIRONMENT |
| 650 | 2 | 4 | _aBRENTWOOD BC V SOS ENVIRONMENT AND GRAY |
| 650 | 2 | 4 | _aCHAPMAN V UNITED KINGDOM |
| 651 | 4 |
_aEngland and Wales _y1543- |
|
| 690 | _aENVIRONMENTAL AND LAND CONSULTANCY-PLANNING AND DEVELOPMENT-DEVELOPMENT CONTROL | ||
| 942 | _n0 | ||
| 999 |
_c81202 _d81202 |
||